Mây bay trong đầu
Αποθηκεύτηκε σε:
| Κύριος συγγραφέας: | |
|---|---|
| Μορφή: | Βιβλίο |
| Γλώσσα: | Undetermined |
| Έκδοση: |
Tp. HCM
Trẻ
1998
|
| Θέματα: | |
| Ετικέτες: |
Προσθήκη ετικέτας
Δεν υπάρχουν, Καταχωρήστε ετικέτα πρώτοι!
|
| Thư viện lưu trữ: | Trung tâm Học liệu Trường Đại học Cần Thơ |
|---|
| LEADER | 00456nam a2200169Ia 4500 | ||
|---|---|---|---|
| 001 | CTU_42137 | ||
| 008 | 210402s9999 xx 000 0 und d | ||
| 082 | |a 895.9223 | ||
| 082 | |b B305m | ||
| 100 | |a Đoàn Thạch Biền | ||
| 245 | 0 | |a Mây bay trong đầu | |
| 245 | 0 | |c Đoàn Thạch Biền | |
| 260 | |a Tp. HCM | ||
| 260 | |b Trẻ | ||
| 260 | |c 1998 | ||
| 650 | |a vietnamese fiction | ||
| 980 | |a Trung tâm Học liệu Trường Đại học Cần Thơ | ||